MARC details
| 000 -CABECERA |
| campo de control de longitud fija |
02135nam a2200301 a 4500 |
| 001 - NÚMERO DE CONTROL |
| campo de control |
000007960 |
| 005 - FECHA Y HORA DE LA ÚLTIMA TRANSACCIÓN |
| campo de control |
20240520201957.0 |
| 008 - DATOS DE LONGITUD FIJA--INFORMACIÓN GENERAL |
| campo de control de longitud fija |
090914s1988 dr 000 0 spa d |
| 040 ## - FUENTE DE LA CATALOGACIÓN |
| Centro catalogador/agencia de origen |
DO-SdBNP |
| Lengua de catalogación |
spa |
| Centro/agencia transcriptor |
BNPHU |
| 082 ## - NÚMERO DE LA CLASIFICACIÓN DECIMAL DEWEY |
| Número de clasificación |
333.75097293 |
| Número de documento/Ítem |
M841s, 1988 |
| 100 1# - ENTRADA PRINCIPAL--NOMBRE DE PERSONA |
| Nombre de persona |
Morell, Merilio G. |
| 9 (RLIN) |
21773 |
| 245 10 - MENCIÓN DE TÍTULO |
| Título |
Situación forestal en República Dominicana : |
| Resto del título |
documentos base de discusión para la toma de decisiones / |
| Mención de responsabilidad, etc. |
Merelio G. Morell. |
| 250 ## - MENCIÓN DE EDICIÓN |
| Mención de edición |
2a. ed. |
| 260 ## - PUBLICACIÓN, DISTRIBUCIÓN, ETC. |
| Lugar de publicación, distribución, etc. |
Santo Domingo : |
| Nombre del editor, distribuidor, etc. |
Taller, |
| Fecha de publicación, distribución, etc. |
1988. |
| 300 ## - DESCRIPCIÓN FÍSICA |
| Extensión |
77 p. : |
| Otras características físicas |
il. ; |
| Dimensiones |
22 cm. |
| 490 1# - MENCIÓN DE SERIE |
| Mención de serie |
PROGRESSIO |
| Designación de volumen o secuencia |
1 |
| 500 ## - NOTA GENERAL |
| Nota general |
Incluye referencias bibliográficas y notas al pie de las páginas |
| 504 ## - NOTA DE BIBLIOGRAFÍA, ETC. |
| Nota de bibliografía, etc. |
Bibliografía : p. 75-77 |
| 505 0# - NOTA DE CONTENIDO CON FORMATO |
| Nota de contenido con formato |
TABLA DE CUADROS -- |
| Título |
TABLA DE GRÁFICOS -- |
| -- |
SIGLAS UTILIZADAS -- |
| -- |
INTRODUCCIÓN -- |
| -- |
PARTICIPACIÓN ECONÓMICA DEL SECTOR FORESTAL -- |
| -- |
Tierras forestales -- |
| -- |
Energía -- |
| -- |
Producción de alimentos -- |
| -- |
Mercado de madera -- |
| -- |
Cuencas hidrográficas y producción de agua -- |
| -- |
Agua para consumo humano e industrial |
| -- |
Materiales de construcción -- |
| -- |
Control de erosión -- |
| -- |
Conclusión -- |
| -- |
ANÁLISIS DE LA POLÍTICA FORESTAL -- |
| -- |
Percepción actual del problema forestal -- |
| -- |
Metas alcanzadas -- |
| -- |
Situación administrativa -- |
| -- |
Objetivos generales del sector forestal -- |
| -- |
Mecanismos de implementación -- |
| -- |
Programas existentes -- |
| -- |
Tópicos más relevantes relacionados con el recurso bosque -- |
| -- |
Política forestal actual -- |
| -- |
LINEAMIENTOS PARA UNA POLÍTICA FORESTAL -- |
| -- |
Elementos esenciales de una Política forestal -- |
| -- |
Plan de acción -- |
| -- |
RESUMEN -- |
| -- |
Participación económica del sector forestal -- |
| -- |
Análisis de la política forestal -- |
| -- |
Lineamientos de política forestal -- |
| -- |
BIBLIOGRAFÍA -- |
| -- |
TABLA DE CUADROS -- |
| -- |
TABLA DE GRÁFICOS. |
| 590 ## - NOTA LOCAL (RLIN) |
| Nota local |
Inventariado, 2018/LP |
| 650 #0 - PUNTO DE ACCESO ADICIONAL DE MATERIA--TÉRMINO DE MATERIA |
| Término de materia o nombre geográfico como elemento de entrada |
Aforestación |
| 9 (RLIN) |
7850 |
| 650 #0 - PUNTO DE ACCESO ADICIONAL DE MATERIA--TÉRMINO DE MATERIA |
| Término de materia o nombre geográfico como elemento de entrada |
Reforestación |
| 9 (RLIN) |
8510 |
| 650 #4 - PUNTO DE ACCESO ADICIONAL DE MATERIA--TÉRMINO DE MATERIA |
| Término de materia o nombre geográfico como elemento de entrada |
Bosques |
| Subdivisión geográfica |
República Dominicana |
| 9 (RLIN) |
21589 |
| 650 #4 - PUNTO DE ACCESO ADICIONAL DE MATERIA--TÉRMINO DE MATERIA |
| Término de materia o nombre geográfico como elemento de entrada |
Política forestal |
| Subdivisión geográfica |
República Dominicana |
| 9 (RLIN) |
21775 |
| 710 2# - PUNTO DE ACCESO ADICIONAL--NOMBRE DE ENTIDAD CORPORATIVA |
| Nombre de entidad corporativa o nombre de jurisdicción como elemento de entrada |
Fundación para el Mejoramiento Humano ( República Dominicana) |
| 9 (RLIN) |
21776 |
| 830 #0 - PUNTO DE ACCESO ADICIONAL DE SERIE-TÍTULO UNIFORME |
| Título uniforme |
PROGRESSIO ; |
| Número de parte o sección de la obra |
1 |
| 9 (RLIN) |
21777 |
| 910 ## - DATOS DE OPCIÓN DEL USUARIO (OCLC) |
| Datos de opción del usuario |
Validado. Control de calidad MFF |